000 00320nam a22001457a 4500
008 210519b ||||| |||| 00| 0 eng d
020 _a9781308492001
041 _aeng
080 _a573
082 _a573
100 _a11
101 _aBIO
245 _aHuman Biology
_cCleveland State University
942 _2udc
_cBK
999 _c57518
_d57518